|
|
|
|
| LEADER |
01613nam a2200337 a 4500 |
| 001 |
1368 |
| 003 |
BD-DhAAL |
| 005 |
20150623105053.0 |
| 008 |
150623s1996 nyua b 000 0 eng |
| 010 |
|
|
|a 95082014
|
| 020 |
|
|
|a 0070481601
|
| 040 |
|
|
|a DLC
|c DLC
|d BD-DhAAL
|
| 050 |
0 |
0 |
|a HF5387
|b .O87 1996
|
| 082 |
0 |
0 |
|a 174/.4
|2 20
|
| 100 |
1 |
|
|a Ottensmeyer, Edward J.
|q (Edward Joseph),
|d 1946-
|9 12377
|
| 245 |
1 |
0 |
|a Ethics in the workplace /
|c Edward J. Ottensmeyer, Gerald D. McCarthy.
|
| 260 |
|
|
|a New York :
|b McGraw-Hill,
|c c1996.
|
| 300 |
|
|
|a xvii, 519 p. :
|b ill. ;
|c 24 cm.
|
| 490 |
|
|
|a McGraw-Hill series in management
|
| 504 |
|
|
|a Includes bibliographical references.
|
| 541 |
|
|
|e 1368
|
| 650 |
|
0 |
|a Business ethics.
|9 12378
|
| 650 |
|
0 |
|a Professional ethics.
|9 12379
|
| 650 |
|
0 |
|a Employee rights.
|9 7452
|
| 700 |
1 |
|
|a McCarthy, Gerald D.,
|d 1945-
|9 12380
|
| 942 |
|
|
|2 ddc
|c BK
|
| 999 |
|
|
|c 34814
|d 34814
|
| 952 |
|
|
|0 0
|1 0
|2 ddc
|4 0
|6 174_400000000000000_OTT
|7 0
|9 54471
|a SCL
|b SCL
|c GEN
|d 2015-06-23
|e Gift: The Asia Foundation
|l 1
|o 174.4 OTT
|p 3020001368
|r 2024-07-05
|s 2024-07-03
|t 1
|w 2015-06-23
|y BK
|
| 952 |
|
|
|0 0
|1 0
|2 ddc
|4 0
|6 174_400000000000000_OTT
|7 0
|9 54472
|a SCL
|b SCL
|c GEN
|d 2015-06-23
|e Gift: The Asia Foundation
|l 0
|o 174.4 OTT
|p 3020001780
|r 2015-06-23
|t 2
|w 2015-06-23
|y BK
|
| 952 |
|
|
|0 0
|1 0
|2 ddc
|4 0
|6 174_400000000000000_OTT
|7 0
|9 54473
|a SCL
|b SCL
|c GEN
|d 2015-06-23
|e Gift: The Asia Foundation
|l 0
|o 174.4 OTT
|p 3020001464
|r 2015-06-23
|t 3
|w 2015-06-23
|y BK
|
| 952 |
|
|
|0 0
|1 0
|2 ddc
|4 0
|6 174_400000000000000_OTT
|7 0
|9 54474
|a SCL
|b SCL
|c GEN
|d 2015-06-23
|e Gift: The Asia Foundation
|l 0
|o 174.4 OTT
|p 3020001772
|r 2015-06-23
|t 4
|w 2015-06-23
|y BK
|